Diagnóstico de la tramitología de los permisos de construcción en Costa Rica y propuesta de una solución ante su problemática, con énfasis en proyectos turísticos
Đã lưu trong:
| Tác giả chính: | |
|---|---|
| Định dạng: | Sách |
| Được phát hành: |
2007
|
| Những chủ đề: | |
| Các nhãn: |
Thêm thẻ
Không có thẻ, Là người đầu tiên thẻ bản ghi này!
|
MARC
| LEADER | 00000nam a2200000Ia 4500 | ||
|---|---|---|---|
| 003 | 009913 | ||
| 005 | 20221231144109.0 | ||
| 008 | 140114s2007 cr a 000 ||s d | ||
| 040 | |c cru CEDI | ||
| 090 | |a TFG 5540 | ||
| 100 | |a Fernández Cardos, Cristián |9 4893 | ||
| 245 | |a Diagnóstico de la tramitología de los permisos de construcción en Costa Rica y propuesta de una solución ante su problemática, con énfasis en proyectos turísticos | ||
| 260 | |c 2007 | ||
| 300 | |a 152 hojas; ilustraciones | ||
| 500 | |a Tesis (licenciatura en ingeniería civil)--Universidad de Costa Rica. Facultad de Ingeniería. Escuela de Ingeniería Civil | ||
| 650 | |x CONSTRUCCION |x REGLAMENTOS |x ASPECTOS LEGALES |x COSTA RICA |x INVESTIGACIONES |9 4894 | ||
| 942 | |c TFG | ||
| 999 | |c 16835 |d 16835 | ||
